000
00277nam a22001337a 4500
008
170328b xxu||||| |||| 00| 0 eng d
020
_a
0924588004
041
_a
eng
080
_a
796.3
100
_a
8
101
_a
SHM
245
_a
THE SLUGGERS
_c
HOLWAY, J
942
_2
udc
_c
BK
999
_c
8884
_d
8884